000 01563cad a22002775a 4500
001 L141976
008 080117e20080115xxk f 000 0 eng d
020 _a9780117539891
035 _a(Sirsi) u141976
041 0 _aeng
050 0 4 _a711.14 $2 18
110 1 _aUnited Kingdom
_bDepartment for Communities and Local Government
_94939
245 0 4 _aThe compulsory purchase (inquiries procedure) rules 2007, SI 2007 No. 3617
_h[electronic resource]
260 _aLondon
_bDCLG
_c2008
490 0 _aDCLG Circular
_v01/2008
520 _aProvides guidance regarding the Compulsory Purchase (Inquiries Procedures) Rules 2007. Aimed at government departments, local authorities and statutory undertakers. The Rules in question replace, consolidate and update two previously existing sets of Rules. They take account of Part 8 of the Planning and Compulsory Purchase Act 2004 and the Compulsory Purchase of Land (Written Representations Procedure) (Ministers) Regulations 2004 (L131578).
521 2 _aAdvanced
590 _aKA NTK
650 2 4 _aCOMPULSORY PURCHASE (INQUIRIES PROCEDURES) RULES 2007
650 2 4 _aPLANNING AND COMPULSORY PURCHASE ACT 2004
650 2 4 _aCOMPULSORY PURCHASE OF LAND (WRITTEN REPRESENTATIONS PROCEDURE) (MINISTERS) REGULATIONS 2004
651 4 _aUnited Kingdom
_y
690 _aENVIRONMENTAL AND LAND CONSULTANCY-PLANNING AND DEVELOPMENT-COMPULSORY PURCHASE AND COMPENSATION
856 4 0 _uhttps://www.legislation.gov.uk/uksi/2007/3617/contents/made
_zView the circular free of charge at www.legislation.gov.uk
942 _n0
999 _c107816
_d107816